| 000 | 00901cam a2200277 a 4500 | ||
|---|---|---|---|
| 001 | 000006953 | ||
| 003 | DO-SdBNP | ||
| 005 | 20251029112025.0 | ||
| 008 | 770311s1976 ve a f001 0bspa | ||
| 040 |
_aDO-SdBNP _cDLC _dDLC |
||
| 043 | _as-ve--- | ||
| 049 | _aBNGR | ||
| 082 |
_a923.287 _bZ25T |
||
| 100 | 1 |
_aTapia, José León, _d1928-2007 _919311 |
|
| 245 | 1 | 0 |
_aPor aquí pasó Zamora / _cJosé León Tapia. |
| 260 |
_aCaracas : _bOficina Central de Información, _c1976. |
||
| 300 |
_a288 p. : _bil. ; _c23 cm. |
||
| 490 | 1 |
_aEzequiel Zamora y su tiempo _v7 |
|
| 600 | 1 | 4 |
_aZamora, Ezequiel, _d1817-1860. _919312 |
| 650 | 4 |
_aGenerales _zVenezuela _xBiografía. _919315 |
|
| 651 | 4 |
_aBarinas Venezuela _xHistoria _919313 |
|
| 651 | 0 |
_aVenezuela _xHistoria _y1858-1863. _926230 |
|
| 830 | 0 |
_aEzequiel Zamora y su tiempo ; _v7 _919316 |
|
| 910 | _aCatalogación por copia / LC | ||
| 942 |
_2ddc _cLBS1 |
||
| 999 |
_c6737 _d6737 |
||